000 00244nam a2200097Ia 4500
001 1052138
005 20250827001240.0
008 250824s9999 xx 000 0 und d
245 0 _aÇEYİZİME BİR KEFEN
_cALİ EMRE
260 _bKETEBE YAYINLARI
999 _c1052138
_d1052138